000 00519cam a2200217 a 4500
001 480768
005 20180112040702.0
008 841127s1985 enk be 000 0deng
010 _a 84027308
020 _a0198661304
040 _aDLC
_cDLC
_dDLC
041 _aeng
043 _ae-uk---
080 _a820.9
082 0 0 _a820.9 DRA
_219
100 _a21
101 _aGJL
245 0 4 _aThe Oxford companion to English literature.
906 _a7
_bcbc
_corignew
_d1
_eocip
_f19
_gy-gencatlg
942 _2ddc
_cBK
999 _c40170
_d40170